[Event "Entrefaros GM 2013"]
[Site "Camarinas ESP"]
[Date "2013.10.06"]
[Round "2.2"]
[White "Salgado Lopez, Ivan"]
[Black "Rapport, Richard"]
[Result "1/2-1/2"]
[WhiteTitle "GM"]
[BlackTitle "GM"]
[WhiteElo "2624"]
[BlackElo "2676"]
[WhiteFideId "2257327"]
[BlackFideId "738590"]
[EventDate "2013.10.05"]

1. e4 e6 2. d4 d5 3. Nc3 Bb4 4. exd5 exd5 5. Bd3 c6 6. Ne2 Ne7 7. Ng3 O-O 8. O-O
Nd7 9. Bg5 f6 10. Bd2 Rf7 11. Nce2 Bd6 12. c4 Nf8 13. c5 Bc7 14. b4 g6 15. a4 h5
16. h4 Ne6 17. Re1 f5 18. f4 Kh8 19. Nf1 Ng8 20. g3 Nf6 21. Nh2 Ne4 22. Nf3 b6
23. Be3 Rb8 24. Qc2 bxc5 25. bxc5 a5 26. Rab1 Ra8 27. Kg2 Ba6 28. Bxa6 Rxa6 29.
Rb3 Rf8 30. Reb1 Ra8 31. Qd3 Qd7 32. Rb7 Rfc8 33. Ne5 Qe8 34. R1b2 Nd8 35. R7b3
Ne6 36. Rb7 Nd8 37. R7b3 Ne6 38. Rb7 1/2-1/2

[Event "Entrefaros GM 2013"]
[Site "Camarinas ESP"]
[Date "2013.10.09"]
[Round "5.1"]
[White "Cheparinov, Ivan"]
[Black "Rapport, Richard"]
[Result "0-1"]
[WhiteTitle "GM"]
[BlackTitle "GM"]
[WhiteElo "2672"]
[BlackElo "2676"]
[WhiteFideId "2905540"]
[BlackFideId "738590"]
[EventDate "2013.10.05"]

1. e4 e6 2. d4 d5 3. Nc3 Bb4 4. exd5 exd5 5. Bd3 c6 6. Ne2 Ne7 7. Ng3 O-O 8. O-O
Ng6 9. Qh5 Nd7 10. Bg5 Nf6 11. Qf3 Be7 12. Nf5 Bxf5 13. Qxf5 Ne8 14. Be3 Nd6 15.
Qh5 Re8 16. b3 Bf6 17. a4 Nf8 18. a5 g6 19. Qg4 Ne6 20. Ne2 Bg5 21. Bxg5 Nxg5
22. Qf4 Ne6 23. Qg3 Ng5 24. Qf4 Nde4 25. f3 Ne6 26. Qe3 Nd6 27. Qd2 Qh4 28. c3
Re7 29. Rae1 Rae8 30. Nc1 b6 31. axb6 axb6 32. Bc2 c5 33. dxc5 bxc5 34. Re5 Nc7
35. Rxe7 Rxe7 36. Nd3 Ne6 37. Re1 Ra7 38. Bb1 Rb7 39. Bc2 d4 40. cxd4 Qxd4+ 41.
Qf2 Nf5 42. Nc1 Ra7 43. Bxf5 gxf5 44. Kf1 Ra1 45. Qc2 Qf4 46. Qc3 Ra8 47. g3 Qd4
48. Qc2 Qd5 49. Qc3 f4 50. Re5 Qd1+ 51. Re1 Qd5 52. Re5 Qd1+ 53. Re1 Qd4 54.
Qxd4 Nxd4 55. gxf4 Ra1 56. Kf2 Kg7 57. Rd1 Rb1 58. b4 Rb2+ 59. Ke3 Rxb4 60. Nd3
Nf5+ 61. Kd2 Rd4 62. Kc3 c4 63. Rg1+ Kf6 64. Nf2 Rxf4 65. Ng4+ Ke6 66. Re1+ Kd5
67. Nf6+ Kc6 68. Nxh7 Rxf3+ 69. Kb4 Nd6 70. Ng5 Rb3+ 71. Ka4 Nb7 72. Ne4 f5 73.
Rc1 fxe4 74. Rxc4+ Kd5 0-1